| 000 -ლიდერი |
| ფიქსირებული სიგრძის საკონტროლო ველი |
00712nam a22001697a 4500 |
| 003 - საკონტროლო ნომრის იდენტიფიკატორი |
| საკონტროლო ველი |
Ge_BSU |
| 005 - ბოლო ოპერაციის თარიღი და დრო |
| საკონტროლო ველი |
20250530162311.0 |
| 008 - ფიქსირებული სიგრძის მონაცემთა ელემენტები - ზოგადი ინფორმაცია |
| ფიქსირებული სიგრძის საკონტროლო ველი |
250530s2024 ge ||||| |||| 00| 0 geo d |
| 020 ## - წიგნის საერთაშორისო სტანდარტული ნომერი |
| International Standard Book Number |
9789941118739 |
| 041 ## - ენის კოდი |
| Language code of text/sound track or separate title |
geo |
| 080 ## - უნივერსალური ათობითი კლასიფიკაციის ინდექსი |
| Universal Decimal Classification number |
316.323.6 : 330.342.141: 273 : 27- 426 ვ-28 |
| 100 ## - მთავარი ჩანაწერი - პიროვნების სახელი |
| Personal name |
ვებერი, მაქს |
| 9 (RLIN) |
25196 |
| 245 ## - ცნობა სათაურის შესახებ |
| Title |
პროტესტანტული ეთიკა და კაპიტალისტური სულისკვეთება / |
| Statement of responsibility, etc |
მაქს ვებერი; მთარგმნელი მ. ბადრიძე. |
| 653 ## - INDEX TERM--UNCONTROLLED |
| Uncontrolled term |
ეთიკა |
| 700 ## - ADDED ENTRY--PERSONAL NAME |
| Personal name |
ბადრიძე, მ. |
| Relator term |
მთარგმნელი |
| 9 (RLIN) |
547 |
| 942 ## - ADDED ENTRY ELEMENTS (KOHA) |
| Source of classification or shelving scheme |
|
| Koha item type |
წიგნი |